|
|
|
|
| LEADER |
03110nam a2200493 4500 |
| 001 |
978-3-319-99858-9 |
| 003 |
DE-He213 |
| 005 |
20191026072009.0 |
| 007 |
cr nn 008mamaa |
| 008 |
181024s2018 gw | s |||| 0|eng d |
| 020 |
|
|
|a 9783319998589
|9 978-3-319-99858-9
|
| 024 |
7 |
|
|a 10.1007/978-3-319-99858-9
|2 doi
|
| 040 |
|
|
|d GrThAP
|
| 050 |
|
4 |
|a LC8-6691
|
| 072 |
|
7 |
|a JNV
|2 bicssc
|
| 072 |
|
7 |
|a EDU039000
|2 bisacsh
|
| 072 |
|
7 |
|a JNV
|2 thema
|
| 082 |
0 |
4 |
|a 371.33
|2 23
|
| 245 |
1 |
0 |
|a Self-Efficacy in Instructional Technology Contexts
|h [electronic resource] /
|c edited by Charles B. Hodges.
|
| 250 |
|
|
|a 1st ed. 2018.
|
| 264 |
|
1 |
|a Cham :
|b Springer International Publishing :
|b Imprint: Springer,
|c 2018.
|
| 300 |
|
|
|a XXII, 292 p. 21 illus., 18 illus. in color.
|b online resource.
|
| 336 |
|
|
|a text
|b txt
|2 rdacontent
|
| 337 |
|
|
|a computer
|b c
|2 rdamedia
|
| 338 |
|
|
|a online resource
|b cr
|2 rdacarrier
|
| 347 |
|
|
|a text file
|b PDF
|2 rda
|
| 505 |
0 |
|
|a Part I: Learner Self-Efficacy -- K-12 Environments -- Higher Education Environments -- Corporate Environments -- Military Environments -- Part II: Teacher Self-Efficacy -- K-12 Environments -- Higher Education Environments -- Corporate Environments -- Military Environments -- Part III: Designing for Self-Efficacy.
|
| 520 |
|
|
|a This edited volume contains reports of current research, and literature reviews of research, involving self-efficacy in various instructional technology contexts. Chapter represent international perspectives across the broad areas of K-12 education, higher education, teacher self-efficacy, and learner self-efficacy to capture a diverse cross section of research on these topics. The book includes reviews of existing literature and reports of new research, thus creating a comprehensive resource for researchers and designers interested in this general topic. A system of peer review was implemented to select the work that appears in the book from a collection of author-submitted chapter proposals. The book is especially relevant to students and researchers in educational technology, instructional technology, instructional design, learning sciences, and educational psychology.
|
| 650 |
|
0 |
|a Educational technology.
|
| 650 |
|
0 |
|a Educational psychology.
|
| 650 |
|
0 |
|a Education-Psychology.
|
| 650 |
|
0 |
|a Experiential research.
|
| 650 |
1 |
4 |
|a Educational Technology.
|0 http://scigraph.springernature.com/things/product-market-codes/O21000
|
| 650 |
2 |
4 |
|a Educational Psychology.
|0 http://scigraph.springernature.com/things/product-market-codes/O39000
|
| 650 |
2 |
4 |
|a Psychology Research.
|0 http://scigraph.springernature.com/things/product-market-codes/Y20000
|
| 700 |
1 |
|
|a Hodges, Charles B.
|e editor.
|4 edt
|4 http://id.loc.gov/vocabulary/relators/edt
|
| 710 |
2 |
|
|a SpringerLink (Online service)
|
| 773 |
0 |
|
|t Springer eBooks
|
| 776 |
0 |
8 |
|i Printed edition:
|z 9783319998572
|
| 776 |
0 |
8 |
|i Printed edition:
|z 9783319998596
|
| 776 |
0 |
8 |
|i Printed edition:
|z 9783030076382
|
| 856 |
4 |
0 |
|u https://doi.org/10.1007/978-3-319-99858-9
|z Full Text via HEAL-Link
|
| 912 |
|
|
|a ZDB-2-EDA
|
| 950 |
|
|
|a Education (Springer-41171)
|